| 000 | 00614nam a2200193 i 4500 | ||
|---|---|---|---|
| 001 | 72234 | ||
| 003 | ES-MaACL | ||
| 005 | 20230906171353.0 | ||
| 007 | t| | ||
| 008 | 040827s1952 sp ||||1| spa d | ||
| 100 | 1 |
_aGillum, G. _956991 |
|
| 245 | 1 | 0 |
_aEnciclopedia médica familiar / _cpor G. Gillum y N. Gillum ; versión española por M. Domínguez Recio. |
| 250 | _a[1ª ed.]. | ||
| 260 |
_aBarcelona : _bArgos, _c[1952] ( _fAgustín Núñez) |
||
| 300 |
_a757 p., 10 lám. : _bil. ; _c25 cm. |
||
| 700 | 1 |
_aGillum, N. _956992 |
|
| 700 | 1 |
_aDomínguez Recio, M. _945238 |
|
| 852 |
_aES-MaACL _jD-7325 _bR.32024 |
||
| 999 |
_c72234 _d72234 |
||